01428nam a2200277 i 4500001000300000100001900003245016400022246014400186260007000330300002800400490021200428500004600640500002300686504002600709650002900735650003300764650002100797650003400818830008500852015001700937040000800954041001300962080003600975008004101011856009801052bg1 aKARYŚ, Jerzy10aCzynniki materiałowe i technologiczne warunkujące trwałość zbrojonych kompozytów z cementów glinowych w środowisku siarczanowym /cJerzy Karyś.15aMaterial and technological agents conditioning the durability of reinforced composites with hight alumina cement in the sulfate environment aWrocław :bOficyna Wydawnicza Politechniki Wrocławskiej,c2005. a150 s. :bil. ;c24 cm.1 aPrace Naukowe Instytutu Budownictwa Politechniki Wrocławskiej. Monografie =aScientific Papers of the Institute of Building Engineering of the Wrocław University of Technology. Monographs,x0324-9875 ;v36 aStreszcz. ang. Spis treści także ang. aNr serii gł.: 85. aBibliogr. s. 137-144. 9aBeton cementowyxochrona 9aBeton cementowyxtechnologia 9aKorozja i erozja 9aSiarczanyxa korozja i erozja 0aPrace Naukowe Instytutu Budownictwa Politechniki Wrocławskiej. Monografie ;v36 aPB 1621/2006 cBPK0 apolbeng a691:620.193:546.1/.2:666.97/.98 s pl f |000 0 pol  uhttp://koha.tu.koszalin.pl/cgi-bin/koha/opac-detail.pl?biblionumber=52672yKatalog online BPK